| 000 | 00693cab a2200253 4500 | ||
|---|---|---|---|
| 001 | ABS55573 | ||
| 008 | 090401t1996 xxu||||| |||| 00| 0 eng d | ||
| 035 | _a(Sirsi) u17380 | ||
| 041 | _aeng | ||
| 100 | _aBurdett, S. | ||
| 245 | _aChina - the final frontier | ||
| 260 | _c1996 | ||
| 350 | _a0 | ||
| 490 |
_aInternational Construction _v35(7) July 1996, 69-74(5) |
||
| 520 | _aAppraises the construction options available to foreign companies in China. | ||
| 650 | _aCHINA | ||
| 650 | _aCONSTRUCTION MARKET | ||
| 650 | _aFOREIGN INVESTMENT | ||
| 650 | _aPROSPECTS | ||
| 690 | _aBUILT ENVIRONMENT | ||
| 690 | _aOVERSEAS-REST OF THE WORLD | ||
| 942 | _n0 | ||
| 948 | _c04/03/1997 | ||
| 999 |
_c11525 _d11525 |
||